Online Catalogue and eLibrary

Social Processes: (Record no. 1192)

MARC details
000 -LEADER
fixed length control field 00531nam a2200205Ia 4500
005 - DATE AND TIME OF LATEST TRANSACTION
control field 20250324065041.0
008 - FIXED-LENGTH DATA ELEMENTS--GENERAL INFORMATION
fixed length control field 240331s9999 xx 000 0 und d
020 ## - INTERNATIONAL STANDARD BOOK NUMBER
ISBN 0520050568
082 ## - DDC Classification
Class No. 303
Item Number - Author Mark SHI
DDC Edition Number 4082
100 ## - MAIN ENTRY--PERSONAL NAME
Personal name Shibutani, T
245 #0 - TITLE STATEMENT
Title Social Processes:
Remainder of title An Introduction to Sociology
260 ## - PUBLICATION, DISTRIBUTION, ETC.
Place of publication, distribution, etc. California,
Name of publisher, distributor, etc. University of California Press
Date of publication, distribution, etc. 1986
300 ## - PHYSICAL DESCRIPTION
Extent (e.g. Volumes, Pages etc.) xv, 579 p.,
650 ## - SUBJECT ADDED ENTRY--TOPICAL TERM
Topical term or geographic name entry element Sociology
650 ## - SUBJECT ADDED ENTRY--TOPICAL TERM
Topical term or geographic name entry element Environment
650 ## - SUBJECT ADDED ENTRY--TOPICAL TERM
Topical term or geographic name entry element Communication
650 ## - SUBJECT ADDED ENTRY--TOPICAL TERM
Topical term or geographic name entry element Culture
650 ## - SUBJECT ADDED ENTRY--TOPICAL TERM
Topical term or geographic name entry element Politics
942 ## - Koha item type (Biblio)
Koha item type Books in Stacks (Lending)
Holdings
Lost status Damaged status Collection code Home library Current library Shelving location Date acquired Full call number Accession Number Item type
    Lending WERC Library WERC Library Social Science Cupboard 03/31/2024 303 SHI 4082 Books in Stacks (Lending)

© WERC Library